• 首页
  • 本馆介绍
  • 公告通知
  • 最新文献
  • 馆藏检索
  • 电子资源
  • 读者导购
  • 参考咨询
  • 我的图书馆
  • 登录
  • 详细信息显示
  • 放入我的书架
  • 预约/预借图书
  • 作者相关作品
  • 分类相关作品
  • 丛书相关作品
  • 出版社相关作品

书目信息

  • 表格格式
  • 工作单格式
  • 卡片格式
题名:
体育与健康
    
 
作者: 程兆宇 , 王春玉 , 蓝姣 主编
分册:  
出版信息: 成都   电子科技大学出版社  2019
页数: 170页
开本: 26cm
丛书名:
单 册:
中图分类: G807.3 , G717.9
科图分类:
主题词: 体育--中等专业教育--教材 , 健康教育--中等专业教育--教材
电子资源:
ISBN: 978-7-5647-7277-2
000 01003nam0 2200289 450
001 012001002409
005 20140202144427.0
010    @a978-7-5647-7277-2@dCNY32.00
100    @a20220905d2019 em y0chiy50 ea
101 0  @achi
102    @aCN@b510000
105    @aa z 000yy
106    @ar
200 1  @a体育与健康@Ati yu yu jian kang@f程兆宇,王春玉,蓝姣主编
210    @a成都@c电子科技大学出版社@d2019
215    @a170页@c图@d26cm
300    @a中等职业教育课程改革创新示范教材 中等职业教育公共素质课系列规划教材 含微课
330    @a本书共八章,内容包括:体育基础知识、体育锻炼与身心健康、运动损伤与康复训练、田径运动、球类运动、健美运动、休闲运动、传统体育运动。
606 0  @a体育@x中等专业教育@j教材
606 0  @a健康教育@x中等专业教育@j教材
690    @aG807.3@v5
690    @aG717.9@v5
701  0 @a程兆宇@Acheng zhao yu@4主编
701  0 @a王春玉@Awang chun yu@4主编
701  0 @a蓝姣@Alan jiao@4主编
801  0 @aCN@bAHXH@c20221111
905    @b1368089-93@dG807.3@e1990@f5
    
    体育与健康/程兆宇,王春玉,蓝姣主编.-成都:电子科技大学出版社,2019
    170页:图;26cm
    中等职业教育课程改革创新示范教材 中等职业教育公共素质课系列规划教材 含微课
    
    ISBN 978-7-5647-7277-2:CNY32.00
    本书共八章,内容包括:体育基础知识、体育锻炼与身心健康、运动损伤与康复训练、田径运动、球类运动、健美运动、休闲运动、传统体育运动。
●
相关链接 在E读中查询图书 在五车中查询图书 在当当中查询图书 在豆瓣中查询图书


正题名:体育与健康     索取号:G807.3/1990         预约/预借

序号 登录号 条形码 馆藏地/架位号 状态 备注
1 1368089   213680890   第一样本阅览室/ [索取号:G807.3/1990] 在馆    
2 1368090   213680907   教育系资料室/ [索取号:G807.3/1990] 在馆    
3 1368091   213680916   教育系资料室/ [索取号:G807.3/1990] 在馆    
4 1368092   213680925   第四借阅区/ [索取号:G807.3/1990] 在馆    
5 1368093   213680934   第四借阅区/ [索取号:G807.3/1990] 在馆    
唐山师范学院图书馆 欢迎您!
大连网信软件有限公司© 版权所有